Rebeldía : año 1, número 3, enero del 2003 /
Guardat en:
| Altres autors: | , |
|---|---|
| Format: | Llibre |
| Idioma: | espanyol |
| Publicat: |
México :
Rebeldía,
2003
|
| Col·lecció: | (Rebeldía ;
3) |
| Matèries: | |
| Etiquetes: |
Sense etiquetes, Sigues el primer a etiquetar aquest registre!
|
MARC
| LEADER | 00000nam^a2200000^a^4500 | ||
|---|---|---|---|
| 001 | 000630153 | ||
| 005 | 20260410000000.0 | ||
| 009 | 20260410195516.949 | ||
| 037 | |a Acervo ITESO - Biblioteca | ||
| 041 | |a ESP | ||
| 082 | |a 320. 05 |b REB V. 3 | ||
| 240 | 1 | 1 | |a [Rebeldía] |
| 245 | 0 | 0 | |a Rebeldía : |b año 1, número 3, enero del 2003 / |c Dir. de S. Rodríguez Lascano ; presen. de Subcomandante Marcos. |
| 264 | 1 | |a México : |b Rebeldía, |c 2003 | |
| 300 | |a 76 p. | ||
| 336 | |a texto |b txt |2 rdacontenido | ||
| 337 | |a sin mediación |b n |2 rdamedio | ||
| 338 | |a volumen |b nc |2 rdasoporte | ||
| 440 | 1 | |a (Rebeldía ; |v 3) | |
| 567 | |a Catalogación rápida | ||
| 649 | |a XX | ||
| 650 | |a Indígenas de México - |x Condiciones Políticas | ||
| 650 | |a Ejército Zapatista de Liberación Nacional - |x Publicaciones Periódicas - |x Tema Principal | ||
| 650 | |a Ejército Zapatista de Liberación Nacional - |x Tema Principal | ||
| 650 | |a Resistencia Civil - |z México | ||
| 650 | |a Movimientos Políticos - |z México | ||
| 650 | |a Movimientos Sociales - |z México | ||
| 650 | |a Neoliberalismo - |z México | ||
| 650 | |a Poder Político - |z México | ||
| 650 | |a Política - |z México - |x Historia - |y 2000-2006 | ||
| 650 | |a Política - |z México - |x Historia - |y Siglo XXI | ||
| 650 | |a Política - |z México - |x Historia | ||
| 650 | |a Política - |x Publicaciones Periódicas Mexicanas - |x Tema Principal | ||
| 650 | |a Publicaciones Periódicas Mexicanas | ||
| 650 | |a Publicaciones Periódicas | ||
| 700 | |a Rodríguez Lascano, Sergio |e (director) | ||
| 700 | |a Subcomandante Marcos |e (presentación) | ||
| 910 | |a Fondo Castillo-Martínez | ||
| 920 | |a Impresos - Libros | ||
| 930 | |a Fondos Especiales | ||
| 905 | |a 127 | ||
| 901 | |a 630153-10 |b IT2 |c ESP |i D125087 |u 20260410 | ||
| 902 | |a https://opac.biblio.iteso.mx/vufind/Record/000630153 | ||